000 02798cam a22005174i 4500
003 PE-LiUPU
005 20250731173448.0
008 150617s1984 sp r 000 0 spa d
020 _a8470573616
020 _a9788470573613
035 _a(Sirsi) i9788470573613
040 _aPE-LiUPU
_bspa
_cPE-LiUPU
_erda
049 _aPRUA
082 0 4 _a229.91
_bD73
_221
100 1 _aDiez Macho, Alejandro,
_eautor.
245 1 0 _aIntroducción general a los apócrifos del antiguo testamento /
_cAlejandro Diez Macho.
264 1 _aMadrid :
_bCristiandad,
_c1984.
300 _a414 páginas ;
_c24 centímetros
336 _atext
_2rdacontent
337 _aunmediated
_2rdamedia
338 _avolume
_2rdacarrier
505 0 _aNaturaleza y origen de los apócrifos -- Diversas denominaciones de los libros apócrifos -- Repertorios de libros apócrifos judíos -- Los libros apócrifos en publicaciones modernas -- Clasificación de la literatura apócrifa judía -- El género apocalíptico. -Apócrifos del antiguo testamento -- Cartas de Aristeas -- Jubileos -- Antigüedades bíblicas (Pseudo - Filón). -Vida de Adán y Eva (versión griega) -- Vida de Adán y Eva (versión latina) -- Paralipómenos de Jeremías -- 3 Esdras -- 3 Macabeos -- Vidas de los profetas -- Salmos de Salomón -- Oración de Manasés -- 4 Macabeos -- Libro de Arameo -- José y Asenet -- Oráculos Sibilinos -- Teología de los apócrifos -- Dios -- Trascendencia e inmanencia -- Dios de amor y de misericordia -- Dios justo -- Angelología -- Ángeles -- Demonios.
526 _aSEG42
526 _aSEG41
526 _aSEG40
526 _aSEG39
526 _aP94
526 _aP87
526 _aP86
526 _aP85
526 _aP77
526 _aP76
526 _aP35
630 _aBiblia
_pA.T.
_pApócrifos
_xIntroducciones.
910 _ajck
_bjvq
_cjck
_d20150616
910 _adbm
_bncf
_cncf
_d20190530
942 _2ddc
_cBOOK
949 _a229.9 D73
_wDEWEY
_c1
_i39636
_d2016-5-31
_e2016-5-31
_lCCODEBUL1
_mBUL
_n4
_r0
_sY
_tBOOK
_u2015-6-16
_xTEOLOGIA
_PP35
_0COMPRA
_o.STAFF. Colección Teología
949 _a229.91 D73
_wDEWEY
_c1
_i24148
_d2016-5-31
_e2016-5-30
_lCCODEBUL1
_mBUL
_n5
_r0
_sY
_tBOOK
_u2015-6-17
_xTEOLOGIA
_PP35
_0COMPRA
_o.STAFF. Colección General
994 _aC0
_bPEPRU
596 _a1
999 _a229.9 D73
_wDEWEY
_c57336
_i39636
_d57336
_e2018-6-18
_f2021-11-9
_g5
_lCCODEBUL1
_mBUL
_n15
_p30.00
_q3
_r0
_sY
_tBOOK
_u2015-6-16
_xTEOLOGIA
_PP35
_0COMPRA
_o.STAFF. Colección Teología
999 _a229.91 D73
_wDEWEY
_c1
_i24148
_d2020-1-8
_e2018-5-24
_f2021-11-9
_g5
_lCCODEBUL1
_mBUL
_n9
_p19.00
_q10
_r0
_sY
_tBOOK
_u2015-6-17
_xTEOLOGIA
_PP35
_0COMPRA
_o.STAFF. Colección Teología
980 _81
_gALBERTO SANCHEZ Responsable de Automatización